书目信息 |
| 题名: |
人气甜点在家做
|
|
| 作者: | 黎国雄 主编 | |
| 分册: | ||
| 出版信息: | 哈尔滨 黑龙江科学技术出版社 2018 |
|
| 页数: | 200页 | |
| 开本: | 22cm | |
| 丛书名: | 金版饮食文库 | |
| 单 册: | ||
| 中图分类: | TS972.134 | |
| 科图分类: | ||
| 主题词: | 甜食--制作 | |
| 电子资源: | ||
| ISBN: | 978-7-5388-9405-9 | |
| 000 | 00854oam2 2200253 450 | |
| 001 | 2371880399 | |
| 005 | 20231110142531.22 | |
| 010 | @a978-7-5388-9405-9@dCNY68.00 | |
| 100 | @a20181129d2018 em y0chiy50 ea | |
| 101 | 0 | @achi |
| 102 | @aCN@b230000 | |
| 105 | @aa z 000yy | |
| 200 | 1 | @a人气甜点在家做@9ren qi tian dian zai jia zuo@f黎国雄主编 |
| 210 | @a哈尔滨@c黑龙江科学技术出版社@d2018 | |
| 215 | @a200页@c彩图@d22cm | |
| 225 | 1 | @a金版饮食文库 |
| 300 | @a烘焙快乐厨房 美好生活典藏书系 | |
| 330 | @a本书精选了几十款常见甜点,包括奥利奥可可曲奇、旋涡曲奇、牛轧糖饼干、迷你布朗尼、蔓越莓天使蛋糕等,并对所列甜点配有制作方法、操作步骤图。 | |
| 461 | 0 | @12001 @a金版饮食文库 |
| 606 | 0 | @a甜食@x制作 |
| 690 | @aTS972.134@v5 | |
| 701 | 0 | @a黎国雄@9li guo xiong@c(烹饪)@4主编 |
| 801 | 0 | @aCN@b91MARC@c20181129 |
| 905 | @aBZT@dTS972.134@e17 | |
| 人气甜点在家做/黎国雄主编.-哈尔滨:黑龙江科学技术出版社,2018 |
| 200页:彩图;22cm.-(金版饮食文库) |
| 烘焙快乐厨房 美好生活典藏书系 |
| ISBN 978-7-5388-9405-9:CNY68.00 |
| 本书精选了几十款常见甜点,包括奥利奥可可曲奇、旋涡曲奇、牛轧糖饼干、迷你布朗尼、蔓越莓天使蛋糕等,并对所列甜点配有制作方法、操作步骤图。 |
| ● |
| 相关链接 |
|
|
|
正题名:人气甜点在家做
索取号:TS972.134/17
 
预约/预借
| 序号 | 登录号 | 条形码 | 馆藏地/架位号 | 状态 | 备注 |
| 1 | 2000939911 | 2000939911 | 安徽时代转三新/湖北三新(第三批)/99/ [索取号:TS972.134/17] | 在馆 | |
| 2 | 2000939912 | 2000939912 | 安徽时代转三新/湖北三新(第三批)/99/ [索取号:TS972.134/17] | 在馆 | |
| 3 | 2000939913 | 2000939913 | 安徽时代转三新/湖北三新(第三批)/99/ [索取号:TS972.134/17] | 在馆 | |
| 4 | 2000939914 | 2000939914 | 安徽时代转三新/湖北三新(第三批)/99/ [索取号:TS972.134/17] | 在馆 | |
| 5 | 2000939915 | 2000939915 | 安徽时代转三新/湖北三新(第三批)/99/ [索取号:TS972.134/17] | 在馆 | |
| 6 | 2000939916 | 2000939916 | 安徽时代转三新/湖北三新(第三批)/99/ [索取号:TS972.134/17] | 在馆 |